PL/I, programación para ciencia e ingeniería / (Record no. 148319)

MARC details
000 -LEADER
campo de control de longitud fija 00722nam a2200205 4500
001 - NÚMERO DE CONTROL
campo de control 148319
003 - IDENTIFICADOR DE NÚMERO DE CONTROL
campo de control ES-MaACL
005 - FECHA Y HORA DE LA ÚLTIMA TRANSACCIÓN
campo de control 20230906202544.0
007 - CAMPO FIJO DE DESCRIPCIÓN FÍSICA--INFORMACIÓN GENERAL
campo de control de longitud fija t|
008 - DATOS DE LONGITUD FIJA--INFORMACIÓN GENERAL
campo de control de longitud fija 070214s1972 sp r ||||1| spa d
100 1# - ENTRADA PRINCIPAL--NOMBRE DE PERSONA
Nombre de persona Stoutemyer, David R.
9 (RLIN) 108345
245 10 - MENCIÓN DEL TÍTULO
Título PL/I, programación para ciencia e ingeniería /
Mención de responsabilidad, etc. David R. Stoutemyer ; traducción y adaptación, Adolfo di Marco.
260 ## - PUBLICACIÓN, DISTRIBUCIÓN, ETC.
Lugar de publicación, distribución, etc. Madrid :
Nombre del editor, distribuidor, etc. Prentice-Hall,
Fecha de publicación, distribución, etc. [1972]
300 ## - DESCRIPCIÓN FÍSICA
Extensión XIX, 366 p. :
Otras características físicas il. ;
Dimensiones 24 cm.
650 #4 - PUNTO DE ACCESO ADICIONAL DE MATERIA--TÉRMINO DE MATERIA
Término de materia o nombre geográfico como elemento de entrada Ciencias-
Subdivisión de forma Programas de ordenador.
9 (RLIN) 172504
650 #4 - PUNTO DE ACCESO ADICIONAL DE MATERIA--TÉRMINO DE MATERIA
Término de materia o nombre geográfico como elemento de entrada Ingeniería-
Subdivisión de forma Programas de ordenador.
9 (RLIN) 172506
650 #4 - PUNTO DE ACCESO ADICIONAL DE MATERIA--TÉRMINO DE MATERIA
Término de materia o nombre geográfico como elemento de entrada PL/I (Lenguaje de programación)
9 (RLIN) 172505
700 1# - ENTRADA AGREGADA--NOMBRE PERSONAL
Nombre de persona Di Marco, Adolfo.
9 (RLIN) 44080
852 ## - LOCALIZACIÓN
Ubicación ES-MaACL
Número de control de estantería E-7531
Holdings
Estatus retirado Estado de pérdida Estado de daño No para préstamo Biblioteca de origen Biblioteca actual Ubicación en estantería Fecha de adquisición Fuente de adquisición Total de préstamos Signatura topográfica completa Código de barras Visto por última vez Precio de reemplazo Tipo de ítem Koha
        Biblioteca del Ateneo de Madrid Biblioteca del Ateneo de Madrid Depósito 2 17/01/2008     E-7531 1154787 23/02/2023 23/02/2023 Libro impreso